000 00381nam a2200157Ia 4500
008 210716s1997 xx 000 0 und d
020 _a8170297974
041 _aeng
082 _a005.43 KELS
100 _aKelly Bootle, Stan.
245 _aUnderstanding: unix.
_bUnix.
250 _a2
260 _aNew Delhi
_bBPB Publications
_c1997
300 _axxviii,587
650 _aUnix
999 _c183520
_d183520